00880nam a2200229 4500001000700000003000900007005001700016007000300033008004100036100003200077245015600109250001300265260004200278300003300320490002400353700003000377700003400407830003200441852003200473999001900505952012600524140043ES-MaACL20230906200001.0t|070214s1958 sp r ||||1| spa d1 aSchreiber, Hermann.910469510aMistagogos, masones y mormones b: (sociedades secretas en cuatro milenios) / cHermann Schreiber, Georg Schreiber ; versión de Mariano Orta Manzano. a1ª. ed. aBarcelona : bLuis de Caralt, c1958. a347 p., 20 lám. ; c22 cm.1 aCultura histórica1 aSchreiber, Georg.91046921 aOrta Manzano, Mariano.9873840 aCultura histórica9182395 aES-MaACLjC-16463 bR.43884 c140043d140043 00104070aATENEOMbATENEOMcGaleríad2008-01-17eSCl0oC-16463p1145733r2023-02-23 00:00:00w2023-02-23yMONOGRAFIA